Kouzelná zahrada : pohádky pro dobré sny a zdravý spánek /

Pohádkový příběh stromové elfky Týninky sloužící ke zklidnění před usnutím a také k rozvoji imaginace.

Hlavní autor: Pavlová, Aneta
Další autoři: Kofroňová, Kateřina, 1995-
Jazyk: Čeština
Vydáno: Praha : Bambook, 2019
Vydání: Vydání 1.
Edice: Pohádkové čtení (Bambook)
Témata:
Fyzický popis: 80 stran : barevné ilustrace ; 23 cm
Knihy
Uloženo v:
LEADER 02440nam a2200469 i 4500
001 nkc20193087480
003 CZ PrNK
005 20191106135207.0
007 ta
008 190514s2019 xr a a 000 f cze
015 |a cnb003087480 
020 |a 978-80-271-0612-7  |q (vázáno) 
035 |a (OCoLC)1107831507 
040 |a ABG001  |b cze  |d ABA001  |e rda 
072 7 |a 821.162.3-3  |x Česká próza  |2 Konspekt  |9 25 
072 7 |a 821-93  |x Literatura pro děti a mládež (beletrie)  |2 Konspekt  |9 26 
080 |a 821.162.3-34  |2 MRF 
080 |a 821-93  |2 MRF 
080 |a (0:82-34)  |2 MRF 
100 1 |a Pavlová, Aneta  |7 ola2015870302  |4 aut 
245 1 0 |a Kouzelná zahrada :  |b pohádky pro dobré sny a zdravý spánek /  |c Aneta Pavlová ; ilustrovala Kateřina Kofroňová 
250 |a Vydání 1. 
264 1 |a Praha :  |b Bambook,  |c 2019 
300 |a 80 stran :  |b barevné ilustrace ;  |c 23 cm 
336 |a text  |b txt  |2 rdacontent 
337 |a bez média  |b n  |2 rdamedia 
338 |a svazek  |b nc  |2 rdacarrier 
490 1 |a Pohádkové čtení 
520 2 |a Pohádkový příběh stromové elfky Týninky sloužící ke zklidnění před usnutím a také k rozvoji imaginace.  |b Elfka Týninka žije spolu s věrným kamarádem poletuškou Crepinem v kouzelné Stromové zemi. Jednou za čas při vhodné konstelaci se říše elfů a říše lidí propojí duhovým mostem. Lidé na Zemi už dlouho ničí životní prostředí a zasahují do života posvátných vod, stromů a zvířat. Dokonce hrozí, že svoji planetu zničí. Týninka s Crepinem jsou radou králů a královen vysláni, aby zde pomohli oživit léčivé síly a obnovit harmonii. Vyprávění je prokládáno meditativními pasážemi zaměřenými na rozvoj představivosti spojenými s dechovým cvičením ke zklidnění těla a myšlenek; obrazy z těchto kapitol se vztahují k pěti živlům. 
655 7 |a české pohádky  |7 fd133970  |2 czenas 
655 7 |a publikace pro děti  |7 fd133156  |2 czenas 
655 9 |a Czech fairy tales  |2 eczenas 
655 9 |a children's literature  |2 eczenas 
700 1 |a Kofroňová, Kateřina,  |d 1995-  |7 xx0235802  |4 ill 
830 0 |a Pohádkové čtení (Bambook)  |0 s 
910 2 |a BOA001  |b 2-1427.688 
920 |a 4478586  |z ABG001 
928 9 |a Grada Publishing - Bambook 
990 |a BK 
995 |a 01 
991 |b 201905  |c NOV 
996 6 |b 2610783552  |c 2-1427.688  |l MZK  |r Sklad / do 1 hodiny  |n 0  |p p.v.  |w 001724956  |u 000010  |a 1  |e BOA001  |j MZK50  |s P